000 00877nam a22002297a 4500
999 _c65600
_d65600
005 20240530110833.0
008 191007s2006 ua f 000 0 ara d
017 _a2006/16844
_bمصر. دار الكتب
020 _a9771436139
040 _aEG-CaGPL
_cEG-CaGPL
082 0 4 _221
_a322.44
_bق/ ع ث
100 0 _aعبدالمنعم سعيد
245 1 0 _aثمن الاصلاح :
_bاهمية التفكير الجاد فى مستقبل مصر/
_cتاليف عبدالمنعم سعيد
250 _aط.1
260 _aالقاهرة :
_bنهضة مصر للطباعة والنشر والتوزيع،
_c2006.
300 _a479 ص.؛
_c24سم
650 0 7 _2qrmak
_aالاصلاحات السياسية
650 0 7 _2qrmak
_aالحزب الوطنى الديمقراطى
_zمصر
651 _2qrmak
942 _2ddc
_cBK